| 000 | 00337 a2200145 4500 | ||
|---|---|---|---|
| 001 | 176624 | ||
| 020 | _a | ||
| 040 | _cMagnum | ||
| 100 | _aStempleski, Susan | ||
| 240 | 1 | 0 |
_aAli baba and the forty thieves _lING |
| 245 | 1 | 0 | _aAli baba and the forty thieves |
| 362 | 0 | _a1899 | |
| 697 | _aMAGNITO: LITERATURA ESTRANGEIR | ||
| 942 | _cBK | ||
| 999 |
_c176624 _d176624 |
||